ज़िन्दगी का सफ़र/ (Record no. 203219)
[ view plain ]
| 000 -LEADER | |
|---|---|
| fixed length control field | 00808nam a22002057a 4500 |
| 005 - DATE AND TIME OF LATEST TRANSACTION | |
| control field | 20240524121753.0 |
| 010 ## - LCCN (DPL NO) | |
| LC control number | HIN-127702 |
| 020 ## - INTERNATIONAL STANDARD BOOK NUMBER | |
| Terms of availability | 200.00 |
| International Standard Book Number | 9789391532093 |
| 035 ## - SYSTEM CONTROL NUMBER | |
| System control number | HN-100048 |
| 037 ## - SOURCE OF ACQUISITION | |
| Source of stock number/acquisition | DBAD |
| 082 ## - DEWEY DECIMAL CLASSIFICATION NUMBER | |
| Classification number | 821 |
| 245 ## - TITLE STATEMENT | |
| Title | ज़िन्दगी का सफ़र/ |
| Statement of responsibility, etc | सुशील भारती द्वारा संकलित |
| 250 ## - EDITION STATEMENT | |
| Edition statement | प्रथम |
| 260 ## - PUBLICATION, DISTRIBUTION, ETC. (IMPRINT) | |
| Place of publication, distribution, etc | नई दिल्ली |
| Name of publisher, distributor, etc | राही पब्लिकेशन |
| Date of publication, distribution, etc | 2023 |
| 270 ## - ADDRESS | |
| Address | 158, आली, सरिता विहार, |
| City | नई दिल्ली |
| Postal code | 110076 |
| Telephone number | 9811272854 |
| 300 ## - PHYSICAL DESCRIPTION | |
| Extent | 80पृ. |
| Dimensions | 21सेमी (अजिल्द) |
| 700 ## - ADDED ENTRY--PERSONAL NAME | |
| 9 (RLIN) | 61637 |
| Personal name | भारती, सुशील |
| 700 ## - ADDED ENTRY--PERSONAL NAME | |
| Personal name | |
| 9 (RLIN) | 61638 |
| 942 ## - ADDED ENTRY ELEMENTS (KOHA) | |
| Source of classification or shelving scheme | Dewey Decimal Classification |
| Item type | Hindi Books |
| Classification part | 821 |
| Call number suffix | ज़िन्दगी |
| Withdrawn status | Lost status | Not for loan | Collection code | Home library | Current library | Date acquired | Source of acquisition | Cost, normal purchase price | Full call number | Barcode | Copy number | Cost, replacement price | Koha item type |
|---|---|---|---|---|---|---|---|---|---|---|---|---|---|
| Non-fiction | Central Library | Central Library | 24/05/2024 | DBAD | 200.00 | 821 ज़िन्दगी | HN-100048 | 1 | 200.00 | Hindi Books |
